[Event "Qingdao SCO Teams 5th"]
[Site "Qingdao"]
[Date "2023.12.17"]
[Round "4.6"]
[White "Antonova, Nadezhda"]
[Black "Kamalidenova, Meruert"]
[Result "0-1"]
[WhiteElo "1945"]
[BlackElo "2383"]
[PlyCount "82"]
[EventDate "2023.12.17"]
[EventType "team-tourn (rapid)"]
[EventRounds "9"]
[EventCountry "CHN"]
[SourceTitle "CB52_2023"]
[SourceDate "2023.12.27"]
[SourceVersion "1"]
[SourceVersionDate "2023.12.27"]
[SourceQuality "1"]
[WhiteTeam "Tajikistan"]
[BlackTeam "Kazakhstan"]
[WhiteTeamCountry "TJK"]
[BlackTeamCountry "KAZ"]

1. d4 Nf6 2. Nf3 g6 3. Bg5 Bg7 4. Nbd2 0-0 5. e4 d6 6. Bd3 c5 7. c3 cxd4 8. cxd4 Nc6 9. 0-0 h6 10. Bh4 g5 11. Bg3 Nh5 12. d5 Nb4 13. Nc4 Nxd3 14. Qxd3 Bd7 15. e5 Bb5 16. Rfe1 Nxg3 17. hxg3 Rc8 18. Rac1 dxe5 19. b3 Rc5 20. Rcd1 Qc7 21. Qf5 Bxc4 22. bxc4 Rxc4 23. Nxe5 Qc8 24. Qd3 Rc3 25. Qe4 Rd8 26. f4 Rxg3 27. Kh2 Rc3 28. fxg5 hxg5 29. Nf3 Qc7+ 30. Kh1 Bf6 31. Qg4 Rc4 32. Re4 Rxe4 33. Qxe4 Kg7 34. Qf5 Rh8+ 35. Kg1 Qc5+ 36. Kf1 Rh1+ 37. Ke2 Qc4+ 38. Rd3 Qxa2+ 39. Rd2 Qc4+ 40. Kf2 g4 41. Rd4 Bxd4+ 0-1

[Event "Qingdao SCO Teams 5th"]
[Site "Qingdao"]
[Date "2023.12.17"]
[Round "1.3"]
[White "Sun, Fanghui"]
[Black "Antonova, Nadezhda"]
[Result "1-0"]
[WhiteElo "2125"]
[BlackElo "1945"]
[PlyCount "77"]
[EventDate "2023.12.17"]
[EventType "team-tourn (rapid)"]
[EventRounds "9"]
[EventCountry "CHN"]
[SourceTitle "CB52_2023"]
[SourceDate "2023.12.27"]
[SourceVersion "1"]
[SourceVersionDate "2023.12.27"]
[SourceQuality "1"]
[WhiteTeam "China SCO"]
[BlackTeam "Tajikistan"]
[WhiteTeamCountry "CHN"]
[BlackTeamCountry "TJK"]

1. e4 c6 2. Nc3 d5 3. Nf3 Bg4 4. h3 Bxf3 5. Qxf3 e6 6. d4 g6 7. Bf4 Bg7 8. 0-0-0 Ne7 9. Be5 Bxe5 10. dxe5 Nd7 11. exd5 cxd5 12. g4 0-0 13. Qg3 Rc8 14. f4 Qa5 15. Kb1 Nc5 16. h4 b5 17. Bd3 b4 18. Ne2 Ne4 19. Bxe4 dxe4 20. h5 Qc5 21. Rc1 Nd5 22. f5 Qe3 23. Qh2 g5 24. h6 Kh8 25. Ng3 Nc3+ 26. bxc3 bxc3 27. Ka1 Rb8 28. Rb1 Rb2 29. Qg1 Qd2 30. Rh2 Qd5 31. Rxb2 cxb2+ 32. Kb1 Qxe5 33. Re2 Rc8 34. Rxe4 Qc3 35. Qd4+ Kg8 36. Qxc3 Rxc3 37. Nh5 Kf8 38. Kxb2 Rc6 39. f6 1-0

[Event "Titled Tuesday intern op 06th Jun Early"]
[Site "Chess.com INT"]
[Date "2023.06.06"]
[Round "7"]
[White "Antonova, Nadezhda"]
[Black "Joshi, Pankaj"]
[Result "1-0"]
[WhiteElo "1945"]
[BlackElo "2231"]
[PlyCount "95"]
[EventDate "2023.06.06"]
[EventType "swiss (blitz)"]
[EventRounds "11"]
[EventCountry "USA"]
[SourceTitle "EXT 2024"]
[Source "ChessBase"]
[SourceDate "2023.10.10"]
[SourceVersion "1"]
[SourceVersionDate "2023.10.10"]
[SourceQuality "1"]

1. Nf3 Nf6 2. b3 g6 3. Bb2 Bg7 4. g3 0-0 5. Bg2 c6 6. 0-0 d5 7. d3 Bg4 8. Nbd2 a5 9. a3 a4 10. b4 b5 11. Rc1 Nbd7 12. c4 dxc4 13. dxc4 Rc8 14. c5 Nd5 15. Bxg7 Kxg7 16. h3 Bxf3 17. Nxf3 Qc7 18. e4 N5f6 19. Qc2 Ne5 20. Nd4 Rfd8 21. Rfd1 Nc4 22. Qc3 Qe5 23. f4 Qc7 24. e5 Nd5 25. Bxd5 Rxd5 26. Nc2 Rcd8 27. Rxd5 Rxd5 28. Ne3 Nxe3 29. Qxe3 Qd7 30. g4 Rd3 31. e6 Rxe3 32. exd7 Rd3 33. Re1 Rxd7 34. Re3 Kf6 35. Kf2 Rd2+ 36. Kf3 Rb2 37. g5+ Kg7 38. Rxe7 Rb3+ 39. Re3 Rxe3+ 40. Kxe3 h6 41. h4 hxg5 42. fxg5 f6 43. Ke4 fxg5 44. hxg5 Kf7 45. Ke5 Ke7 46. Kd4 Ke6 47. Ke4 Ke7 48. Ke5 1-0

[Event "Titled Tuesday intern op 06th Jun Early"]
[Site "Chess.com INT"]
[Date "2023.06.06"]
[Round "11"]
[White "Antonova, Nadezhda"]
[Black "Shapiro, Viktor"]
[Result "0-1"]
[WhiteElo "1945"]
[BlackElo "2192"]
[PlyCount "62"]
[EventDate "2023.06.06"]
[EventType "swiss (blitz)"]
[EventRounds "11"]
[EventCountry "USA"]
[SourceTitle "EXT 2024"]
[Source "ChessBase"]
[SourceDate "2023.10.10"]
[SourceVersion "1"]
[SourceVersionDate "2023.10.10"]
[SourceQuality "1"]

1. Nf3 Nf6 2. b3 d5 3. Bb2 Bf5 4. g3 e6 5. Bg2 Be7 6. 0-0 h6 7. d3 0-0 8. Nbd2 Bh7 9. c4 c6 10. Qc2 a5 11. a3 Nbd7 12. Ne5 Rc8 13. Nxd7 Nxd7 14. Bc3 Bf6 15. b4 axb4 16. axb4 b5 17. Bxf6 Qxf6 18. Ra7 Ne5 19. Rfa1 bxc4 20. Qc3 Nf3+ 21. Nxf3 Qxc3 22. dxc4 Qxa1+ 23. Rxa1 Ra8 24. Rc1 Ra4 25. Ne5 Rxb4 26. Nxc6 Rb2 27. cxd5 exd5 28. Bxd5 Rxe2 29. Rf1 Be4 30. Bxe4 Rxe4 31. Rc1 g5 0-1

[Event "Titled Tuesday intern op 30th May Early"]
[Site "Chess.com INT"]
[Date "2023.05.30"]
[Round "8"]
[White "Fiedorek, Michal"]
[Black "Antonova, Nadezhda"]
[Result "1-0"]
[WhiteElo "2333"]
[BlackElo "1945"]
[PlyCount "107"]
[EventDate "2023.05.30"]
[EventType "swiss (blitz)"]
[EventRounds "11"]
[EventCountry "USA"]
[SourceTitle "CBM 214 Extra"]
[Source "ChessBase"]
[SourceDate "2023.07.31"]
[SourceVersion "1"]
[SourceVersionDate "2023.07.31"]
[SourceQuality "1"]

1. e4 c5 2. Nf3 d6 3. d4 cxd4 4. Nxd4 Nf6 5. Nc3 a6 6. Nb3 e6 7. Be3 Be7 8. f3 0-0 9. g4 Nc6 10. g5 Nd7 11. h4 b5 12. a3 Bb7 13. f4 b4 14. axb4 Nxb4 15. Qd2 d5 16. Bg2 Nb6 17. 0-0-0 Nc4 18. Qf2 Nxe3 19. Qxe3 Rc8 20. h5 Rc4 21. h6 g6 22. exd5 exd5 23. Qe5 f6 24. Qe6+ Kh8 25. Rhe1 Rc7 26. Nd4 Bc8 27. Qe2 fxg5 28. fxg5 Bxg5+ 29. Kb1 Bxh6 30. Ne6 Bxe6 31. Qxe6 Bg7 32. Nxd5 Nxd5 33. Bxd5 Qb8 34. Bb3 a5 35. Re4 Rb7 36. Rh1 Rxb3 37. cxb3 Qg3 38. Reh4 Qd3+ 39. Ka2 h6 40. Qe7 Qc2 41. Rxh6+ Kg8 42. Qe6+ Rf7 43. Rh8+ Bxh8 44. Qe8+ Rf8 45. Rxh8+ Kxh8 46. Qxf8+ Kh7 47. Qe7+ Kh6 48. Qe3+ Kg7 49. Qa7+ Kh6 50. Qxa5 g5 51. Qb6+ Kh5 52. Qd6 g4 53. Qh2+ Kg5 54. Qxc2 1-0

[Event "Titled Tuesday intern op 30th May Early"]
[Site "Chess.com INT"]
[Date "2023.05.30"]
[Round "11"]
[White "Vaglio Munoz, Jaime"]
[Black "Antonova, Nadezhda"]
[Result "1-0"]
[WhiteElo "2174"]
[BlackElo "1945"]
[PlyCount "95"]
[EventDate "2023.05.30"]
[EventType "swiss (blitz)"]
[EventRounds "11"]
[EventCountry "USA"]
[SourceTitle "CBM 214 Extra"]
[Source "ChessBase"]
[SourceDate "2023.07.31"]
[SourceVersion "1"]
[SourceVersionDate "2023.07.31"]
[SourceQuality "1"]

1. Nf3 Nf6 2. b3 g6 3. Bb2 Bg7 4. g3 d6 5. d4 0-0 6. Bg2 c5 7. dxc5 dxc5 8. Qc1 Nc6 9. 0-0 Qc7 10. Rd1 b6 11. Nc3 a6 12. Nd5 Nxd5 13. Bxg7 Kxg7 14. Rxd5 Bb7 15. Rd2 Rad8 16. Qb2+ Kg8 17. Rad1 b5 18. h4 Rxd2 19. Rxd2 Rd8 20. Qc1 Nd4 21. Nxd4 Rxd4 22. c3 Rd7 23. Qd1 Rxd2 24. Qxd2 Bxg2 25. Kxg2 h5 26. e4 Qd6 27. Qe3 Qc6 28. Kf1 Kg7 29. Ke2 e5 30. f4 f6 31. Qd3 Qe6 32. f5 gxf5 33. exf5 Qc6 34. Kf2 e4 35. Qd8 Kf7 36. Ke3 c4 37. b4 Kg7 38. Qe7+ Kh6 39. Qxe4 Qb6+ 40. Qd4 Qc6 41. Qf4+ Kg7 42. Qe4 Qd6 43. Kf3 Qd1+ 44. Qe2 Qh1+ 45. Kf4 Qc1+ 46. Ke4 Qb1+ 47. Kd5 Qxf5+ 48. Kc6 1-0

[Event "Titled Tuesday intern op 23rd May Late"]
[Site "Chess.com INT"]
[Date "2023.05.23"]
[Round "8"]
[White "Antonova, Nadezhda"]
[Black "Jimenez Martinez, Jose Vicente"]
[Result "0-1"]
[WhiteElo "1945"]
[BlackElo "2212"]
[PlyCount "98"]
[EventDate "2023.05.23"]
[EventType "swiss (blitz)"]
[EventRounds "11"]
[EventCountry "USA"]
[SourceTitle "EXT 2024"]
[Source "ChessBase"]
[SourceDate "2023.10.10"]
[SourceVersion "1"]
[SourceVersionDate "2023.10.10"]
[SourceQuality "1"]

1. Nf3 d6 2. b3 g6 3. Bb2 Nf6 4. d4 Bg7 5. g3 0-0 6. Bg2 b5 7. Nfd2 c6 8. c4 bxc4 9. Nxc4 Bb7 10. 0-0 Nbd7 11. Qd2 Rb8 12. Rc1 c5 13. f3 Nb6 14. Na5 Ba8 15. Na3 Nfd7 16. e4 cxd4 17. Bxd4 Bxd4+ 18. Qxd4 Nc5 19. N3c4 Ne6 20. Qd2 Nxc4 21. Nxc4 d5 22. Ne5 dxe4 23. Qxd8 Rfxd8 24. fxe4 Rd2 25. Nc6 Bxc6 26. Rxc6 Rbd8 27. Bh3 Ng5 28. Bg2 Rb2 29. h4 Ne6 30. Bh3 Nd4 31. Rc8 Ne2+ 32. Kf1 Nxg3+ 33. Ke1 Rxc8 34. Bxc8 Nxe4 35. Bb7 Nc3 36. Rc1 Nxa2 37. Rc7 e6 38. Be4 a5 39. Ra7 Nc3 40. Bc6 Rxb3 41. Rxa5 Rb8 42. Ra7 Nb5 43. Rd7 Na3 44. Kf2 Nc4 45. Bf3 Ne5 46. Rc7 Rb2+ 47. Be2 Kg7 48. Ke3 Rb4 49. h5 Ng4+ 0-1

[Event "Titled Tuesday intern op 23rd May Late"]
[Site "Chess.com INT"]
[Date "2023.05.23"]
[Round "9"]
[White "Antonova, Nadezhda"]
[Black "Romero Ruscalleda, Josep"]
[Result "0-1"]
[WhiteElo "1945"]
[BlackElo "2160"]
[PlyCount "64"]
[EventDate "2023.05.23"]
[EventType "swiss (blitz)"]
[EventRounds "11"]
[EventCountry "USA"]
[SourceTitle "EXT 2024"]
[Source "ChessBase"]
[SourceDate "2023.10.10"]
[SourceVersion "1"]
[SourceVersionDate "2023.10.10"]
[SourceQuality "1"]

1. Nf3 g6 2. b3 Bg7 3. d4 d6 4. Bb2 c5 5. e3 Nc6 6. Be2 cxd4 7. Nxd4 Nxd4 8. exd4 Nf6 9. 0-0 0-0 10. c4 Bf5 11. Nc3 a6 12. Bf3 Rb8 13. Re1 b5 14. c5 b4 15. Na4 Qc7 16. Rc1 Rfd8 17. Qe2 dxc5 18. dxc5 Nd5 19. Bxg7 Kxg7 20. Qxa6 Nf4 21. Qc4 e5 22. Re3 Bd3 23. Rxd3 Rxd3 24. c6 Rxf3 25. gxf3 Qe7 26. Kf1 Qg5 27. c7 Qg2+ 28. Ke1 Rc8 29. Nb6 Rxc7 30. Qxc7 Qg1+ 31. Kd2 Qxf2+ 32. Kd1 Qe2# 0-1

[Event "Titled Tuesday intern op 23rd May Late"]
[Site "Chess.com INT"]
[Date "2023.05.23"]
[Round "7"]
[White "Garcia Correa, Jose Ricardo"]
[Black "Antonova, Nadezhda"]
[Result "1-0"]
[WhiteElo "2103"]
[BlackElo "1945"]
[PlyCount "57"]
[EventDate "2023.05.23"]
[EventType "swiss (blitz)"]
[EventRounds "11"]
[EventCountry "USA"]
[SourceTitle "EXT 2024"]
[Source "ChessBase"]
[SourceDate "2023.10.10"]
[SourceVersion "1"]
[SourceVersionDate "2023.10.10"]
[SourceQuality "1"]

1. e4 c5 2. Nf3 d6 3. d4 cxd4 4. Nxd4 Nf6 5. Nc3 a6 6. f4 e5 7. Nf3 Nbd7 8. Bd3 Be7 9. 0-0 0-0 10. Kh1 b5 11. a3 Bb7 12. fxe5 Nxe5 13. Nd4 Nxd3 14. cxd3 d5 15. e5 Nd7 16. Bf4 Nc5 17. Nf5 Ne6 18. Qg4 Bc5 19. Nxg7 Kh8 20. Nxe6 fxe6 21. Bg5 Be7 22. Bh6 Rg8 23. Qxe6 Rg6 24. Qh3 Qb6 25. Rf7 Rxh6 26. Qd7 d4 27. Qxe7 dxc3 28. Rf8+ Rxf8 29. Qxf8# 1-0

[Event "Titled Tuesday intern op 23rd May Early"]
[Site "Chess.com INT"]
[Date "2023.05.23"]
[Round "6"]
[White "Travadon, Loic"]
[Black "Antonova, Nadezhda"]
[Result "0-1"]
[WhiteElo "2458"]
[BlackElo "1945"]
[PlyCount "56"]
[EventDate "2023.05.23"]
[EventType "swiss (blitz)"]
[EventRounds "11"]
[EventCountry "USA"]
[SourceTitle "CBM 214 Extra"]
[Source "ChessBase"]
[SourceDate "2023.07.31"]
[SourceVersion "1"]
[SourceVersionDate "2023.07.31"]
[SourceQuality "1"]

1. d4 Nf6 2. g4 Nxg4 3. e4 Nf6 4. e5 Nd5 5. Bg2 e6 6. c4 Nb6 7. Qe2 d6 8. f4 Qh4+ 9. Kf1 dxe5 10. dxe5 Nc6 11. Nf3 Qh5 12. Nc3 a6 13. Be3 Be7 14. Rd1 0-0 15. a3 Rd8 16. b4 Rxd1+ 17. Nxd1 Bd7 18. Nc3 Rd8 19. c5 Nd5 20. Nxd5 exd5 21. Kf2 Bh4+ 22. Kg1 Bg4 23. Qf1 d4 24. Bf2 Bxf3 25. Bxh4 Bxg2 26. Kxg2 Qxh4 27. f5 Nxe5 28. Qe1 Qg4+ 0-1

[Event "Titled Tuesday intern op 25th Apr Late"]
[Site "Chess.com INT"]
[Date "2023.04.25"]
[Round "3"]
[White "Antonova, Nadezhda"]
[Black "Bilan, Danila"]
[Result "0-1"]
[WhiteElo "1945"]
[BlackElo "2303"]
[PlyCount "84"]
[EventDate "2023.04.25"]
[EventType "swiss (blitz)"]
[EventRounds "11"]
[EventCountry "USA"]
[SourceTitle "EXT 2024"]
[Source "ChessBase"]
[SourceDate "2023.10.10"]
[SourceVersion "1"]
[SourceVersionDate "2023.10.10"]
[SourceQuality "1"]

1. Nf3 d5 2. b3 Nf6 3. Bb2 c5 4. e3 Nc6 5. Bb5 Qb6 6. Qe2 Bd7 7. Bxc6 Bxc6 8. Ne5 g6 9. 0-0 Bg7 10. d3 0-0 11. Nd2 Qc7 12. f4 b5 13. Nxc6 Qxc6 14. Nf3 Nd7 15. Bxg7 Kxg7 16. c4 e6 17. cxb5 Qxb5 18. Rfc1 Rfc8 19. Rc2 a5 20. Rac1 a4 21. bxa4 Rxa4 22. Qd2 Ra3 23. d4 c4 24. Ne5 Nf6 25. Qe1 Rca8 26. Qe2 Qa5 27. Ra1 Rc3 28. Rxc3 Qxc3 29. Rb1 Ne4 30. h3 Ra7 31. Kh2 Qa3 32. Rb2 Nc3 33. Qc2 Nxa2 34. Qf2 Nc3 35. Rc2 Ne4 36. Qe2 f6 37. Nf3 Qd3 38. Ne1 Qxe2 39. Rxe2 Ra3 40. g4 Nc3 41. Rc2 Nd1 42. Re2 Rxe3 0-1

[Event "Titled Tuesday intern op 25th Apr Late"]
[Site "Chess.com INT"]
[Date "2023.04.25"]
[Round "4"]
[White "Rottenwohrer Suarez, Juan"]
[Black "Antonova, Nadezhda"]
[Result "0-1"]
[WhiteElo "2278"]
[BlackElo "1945"]
[PlyCount "82"]
[EventDate "2023.04.25"]
[EventType "swiss (blitz)"]
[EventRounds "11"]
[EventCountry "USA"]
[SourceTitle "EXT 2024"]
[Source "ChessBase"]
[SourceDate "2023.10.10"]
[SourceVersion "1"]
[SourceVersionDate "2023.10.10"]
[SourceQuality "1"]

1. c4 Nf6 2. d4 g6 3. Nc3 Bg7 4. e4 d6 5. Be2 0-0 6. Be3 Na6 7. h4 h5 8. f3 c5 9. d5 e6 10. Nh3 exd5 11. cxd5 Nc7 12. a4 b6 13. Nf2 a6 14. g4 Bd7 15. f4 hxg4 16. Nxg4 Nh5 17. Kf2 b5 18. axb5 axb5 19. Rxa8 Qxa8 20. f5 b4 21. Nh6+ Kh7 22. Bxh5 Bxh6 23. Nb1 Qa2 24. Bxh6 Kxh6 25. Be2 Qxb2 26. Qd3 Bb5 27. Qe3+ Kg7 28. Nd2 Bxe2 29. Kxe2 Re8 30. h5 Nxd5 31. Qg5 Nc3+ 32. Kd3 Nxe4 33. Nxe4 Qd4+ 34. Ke2 Qxe4+ 35. Kf2 Qxh1 36. f6+ Kh7 37. hxg6+ fxg6 38. f7 Qe1+ 39. Kf3 Qe2+ 40. Kg3 Re3+ 41. Kh4 Qh2+ 0-1

[Event "Titled Tuesday intern op 25th Apr Late"]
[Site "Chess.com INT"]
[Date "2023.04.25"]
[Round "1"]
[White "Vlassov, Nikolai"]
[Black "Antonova, Nadezhda"]
[Result "0-1"]
[WhiteElo "2283"]
[BlackElo "1945"]
[PlyCount "70"]
[EventDate "2023.04.25"]
[EventType "swiss (blitz)"]
[EventRounds "11"]
[EventCountry "USA"]
[SourceTitle "EXT 2024"]
[Source "ChessBase"]
[SourceDate "2023.10.10"]
[SourceVersion "1"]
[SourceVersionDate "2023.10.10"]
[SourceQuality "1"]

1. e4 c6 2. d4 d5 3. e5 Bf5 4. Nc3 e6 5. g4 Bg6 6. Nge2 a6 7. Be3 c5 8. Bg2 Nc6 9. h4 h6 10. f4 cxd4 11. Nxd4 Nxd4 12. Bxd4 Be7 13. 0-0 Bxh4 14. f5 Bh7 15. Qf3 Qe7 16. Na4 0-0-0 17. Bc5 Qe8 18. Nb6+ Kb8 19. Bd6+ Rxd6 20. exd6 Qd8 21. Nc4 Nf6 22. Ne5 Rf8 23. c4 Qxd6 24. cxd5 Qxe5 25. dxe6 Qc5+ 26. Kh1 Qb6 27. e7 Re8 28. Qf4+ Ka7 29. Qe5 Nd7 30. Qxg7 Bxf5 31. Qxf7 Bg6 32. Qg7 Rxe7 33. Qxh6 Bg3 34. g5 Rh7 35. Rf3 Bc7 0-1

[Event "Titled Tuesday intern op 18th Apr Early"]
[Site "Chess.com INT"]
[Date "2023.04.18"]
[Round "2"]
[White "Antonova, Nadezhda"]
[Black "Aalto, Patrik"]
[Result "0-1"]
[WhiteElo "1945"]
[BlackElo "2251"]
[PlyCount "86"]
[EventDate "2023.04.18"]
[EventType "swiss (blitz)"]
[EventRounds "11"]
[EventCountry "USA"]
[SourceTitle "EXT 2024"]
[Source "ChessBase"]
[SourceDate "2023.10.10"]
[SourceVersion "1"]
[SourceVersionDate "2023.10.10"]
[SourceQuality "1"]

1. Nf3 Nf6 2. b3 g6 3. Bb2 Bg7 4. g3 b5 5. Bg2 Bb7 6. 0-0 0-0 7. d4 d6 8. c4 bxc4 9. bxc4 Nbd7 10. Nc3 Ne4 11. Qc2 Nxc3 12. Bxc3 Nf6 13. d5 c6 14. e4 cxd5 15. cxd5 Rc8 16. Qd3 Ba6 17. Qxa6 Rxc3 18. Nd4 Nxd5 19. Nc6 Rxc6 20. Qxc6 Bxa1 21. Rxa1 Nf6 22. Qb7 Qd7 23. Qa6 Rb8 24. Rc1 Rb6 25. Rc8+ Kg7 26. Qc4 Rb1+ 27. Bf1 Qh3 28. f3 h5 29. Rc7 h4 30. Rxe7 d5 31. Qe2 hxg3 32. hxg3 Qxg3+ 33. Qg2 Qd6 34. Rxa7 dxe4 35. fxe4 Qc5+ 36. Qf2 Qg5+ 37. Kh1 Qh5+ 38. Kg1 Qg4+ 39. Qg2 Qd1 40. e5 Qd4+ 41. Qf2 Qxe5 42. Ra4 Qg5+ 43. Kh2 Ng4+ 0-1

[Event "Titled Tuesday intern op 18th Apr Early"]
[Site "Chess.com INT"]
[Date "2023.04.18"]
[Round "9"]
[White "Antonova, Nadezhda"]
[Black "Osiecki, Stanislaw"]
[Result "1-0"]
[WhiteElo "1945"]
[BlackElo "2055"]
[PlyCount "93"]
[EventDate "2023.04.18"]
[EventType "swiss (blitz)"]
[EventRounds "11"]
[EventCountry "USA"]
[SourceTitle "EXT 2024"]
[Source "ChessBase"]
[SourceDate "2023.10.10"]
[SourceVersion "1"]
[SourceVersionDate "2023.10.10"]
[SourceQuality "1"]

1. Nf3 Nf6 2. b3 g6 3. Bb2 Bg7 4. g3 d6 5. Bg2 e5 6. 0-0 Nh5 7. e4 0-0 8. d3 c5 9. Nbd2 Nc6 10. c3 a5 11. a4 Bg4 12. h3 Be6 13. Nc4 Bxc4 14. dxc4 Qe7 15. Re1 Rfd8 16. Nd2 Qg5 17. Nf1 Qe7 18. Ne3 Nf6 19. Nd5 Nxd5 20. cxd5 Na7 21. c4 b6 22. Qd2 h5 23. Rf1 Kh7 24. Bc1 Rf8 25. Qe3 h4 26. Bd2 f5 27. exf5 gxf5 28. Rae1 Qf6 29. Qg5 Qxg5 30. Bxg5 Bf6 31. gxh4 Kg6 32. f4 exf4 33. Re6 Rae8 34. Rxd6 Nc8 35. Rc6 Rd8 36. Re1 Rd6 37. Re6 Rxe6 38. Rxe6 Kg7 39. Kf2 Bxg5 40. hxg5 Rh8 41. Kf3 Rh5 42. Kxf4 Rh4+ 43. Kxf5 Rd4 44. Be4 Rd1 45. h4 Re1 46. h5 Rf1+ 47. Ke5 1-0

[Event "Titled Tuesday intern op 11th Apr Late"]
[Site "Chess.com INT"]
[Date "2023.04.11"]
[Round "1"]
[White "Antonova, Nadezhda"]
[Black "Cori Tello, Deysi Estella"]
[Result "0-1"]
[WhiteElo "1945"]
[BlackElo "2362"]
[PlyCount "96"]
[EventDate "2023.04.11"]
[EventType "swiss (blitz)"]
[EventRounds "11"]
[EventCountry "USA"]
[SourceTitle "CBM 213 Extra"]
[Source "ChessBase"]
[SourceDate "2023.05.31"]
[SourceVersion "1"]
[SourceVersionDate "2023.05.31"]
[SourceQuality "1"]

1. Nf3 Nf6 2. b3 g6 3. Bb2 Bg7 4. g3 b6 5. Bg2 Bb7 6. 0-0 c5 7. c4 0-0 8. e3 d5 9. cxd5 Bxd5 10. Nc3 Bb7 11. d4 Nbd7 12. Qe2 Rc8 13. Rfd1 Qc7 14. Rac1 Qb8 15. d5 Rfd8 16. e4 Ne8 17. a4 a6 18. Nd2 Nc7 19. Nc4 b5 20. Na5 Ba8 21. Nc6 Bxc6 22. dxc6 Ne5 23. Nd5 Nxd5 24. exd5 bxa4 25. bxa4 Nf3+ 26. Qxf3 Qxb2 27. Rxc5 Be5 28. Rcc1 Rc7 29. Rb1 Qa2 30. Qb3 Qxb3 31. Rxb3 Rxc6 32. dxc6 Rxd1+ 33. Bf1 Rc1 34. Rb6 a5 35. Kg2 Kg7 36. Ra6 Bc7 37. Bb5 Rc2 38. Kf3 h5 39. h3 g5 40. Ke3 Bd6 41. f4 h4 42. fxg5 hxg3 43. Rxa5 g2 44. Bd3 g1Q+ 45. Ke4 Qg2+ 46. Kd4 Qf2+ 47. Ke4 Qf4+ 48. Kd5 Qe5# 0-1

[Event "Titled Tuesday intern op 11th Apr Late"]
[Site "Chess.com INT"]
[Date "2023.04.11"]
[Round "9"]
[White "Antonova, Nadezhda"]
[Black "Sanchez, Roberto Daniel"]
[Result "1-0"]
[WhiteElo "1945"]
[BlackElo "1966"]
[PlyCount "40"]
[EventDate "2023.04.11"]
[EventType "swiss (blitz)"]
[EventRounds "11"]
[EventCountry "USA"]
[SourceTitle "CBM 213 Extra"]
[Source "ChessBase"]
[SourceDate "2023.05.31"]
[SourceVersion "1"]
[SourceVersionDate "2023.05.31"]
[SourceQuality "1"]

1. d4 Nf6 2. c4 e6 3. Nc3 Bb4 4. e3 b6 5. Nge2 Ba6 6. a3 Bxc3+ 7. Nxc3 d5 8. b3 0-0 9. Be2 dxc4 10. bxc4 Nc6 11. 0-0 Na5 12. c5 Bxe2 13. Qxe2 Nd5 14. Nxd5 Qxd5 15. cxb6 axb6 16. Bd2 Nb3 17. Rab1 Rxa3 18. Bb4 Raa8 19. Bxf8 Rxf8 20. Qc2 Na5 1-0

[Event "Titled Tuesday intern op 11th Apr Late"]
[Site "Chess.com INT"]
[Date "2023.04.11"]
[Round "10"]
[White "Hartikainen, Jarmo"]
[Black "Antonova, Nadezhda"]
[Result "0-1"]
[WhiteElo "2108"]
[BlackElo "1945"]
[PlyCount "134"]
[EventDate "2023.04.11"]
[EventType "swiss (blitz)"]
[EventRounds "11"]
[EventCountry "USA"]
[SourceTitle "CBM 213 Extra"]
[Source "ChessBase"]
[SourceDate "2023.05.31"]
[SourceVersion "1"]
[SourceVersionDate "2023.05.31"]
[SourceQuality "1"]

1. e4 c6 2. d4 d5 3. Nc3 dxe4 4. Nxe4 Bf5 5. Ng3 Bg6 6. h4 h6 7. Bc4 e6 8. N1e2 Bd6 9. Nf4 Bh7 10. Ngh5 Kf8 11. Be3 Nf6 12. Nxf6 Qxf6 13. Qd2 Nd7 14. 0-0-0 Nb6 15. Bd3 Bxd3 16. Nxd3 Nc4 17. Qe2 b5 18. g4 Ke7 19. g5 Qf5 20. gxh6 Nxe3 21. fxe3 Rxh6 22. Rdf1 Qh5 23. Qf2 Rf6 24. Qg2 Qh6 25. Qe4 Rh8 26. Nf4 Kd7 27. a3 a6 28. Kb1 Kc7 29. Ka2 Kb7 30. c4 Rc8 31. Qc2 Bxf4 32. exf4 Rxf4 33. Rxf4 Qxf4 34. cxb5 axb5 35. Qg2 Qxd4 36. h5 Qd5+ 37. Qxd5 cxd5 38. h6 gxh6 39. Rxh6 Rc7 40. Rh7 Kc6 41. Kb3 Kc5 42. Rh4 Re7 43. Kc3 f5 44. Kd2 e5 45. b4+ Kd6 46. Rh6+ Re6 47. Rh5 f4 48. Rh8 e4 49. Rd8+ Kc6 50. Rc8+ Kb7 51. Rf8 f3 52. Ke3 Rd6 53. Rf7+ Kb6 54. Kd4 Re6 55. Ke3 Rd6 56. Kd4 Kc6 57. Rf8 Kc7 58. Rf7+ Kb6 59. Rf5 Kc6 60. Rf8 Re6 61. Ke3 Kd6 62. Rd8+ Ke5 63. Rh8 d4+ 64. Kf2 e3+ 65. Kxf3 Rf6+ 66. Ke2 Rf2+ 67. Kd3 Rd2# 0-1

[Event "Titled Tuesday intern op 04th Apr Late"]
[Site "Chess.com INT"]
[Date "2023.04.04"]
[Round "4"]
[White "Antonova, Nadezhda"]
[Black "Gasparyan, Davit"]
[Result "1-0"]
[WhiteElo "1945"]
[BlackElo "2142"]
[PlyCount "141"]
[EventDate "2023.04.04"]
[EventType "swiss (blitz)"]
[EventRounds "11"]
[EventCountry "USA"]
[SourceTitle "EXT 2024"]
[Source "ChessBase"]
[SourceDate "2023.10.10"]
[SourceVersion "1"]
[SourceVersionDate "2023.10.10"]
[SourceQuality "1"]

1. Nf3 Nf6 2. b3 c5 3. Bb2 e6 4. g3 Be7 5. Bg2 0-0 6. 0-0 d6 7. c4 Nc6 8. d4 cxd4 9. Nxd4 Bd7 10. Nc3 Nxd4 11. Qxd4 Bc6 12. e4 Qa5 13. Rad1 Rfd8 14. Rfe1 Rac8 15. h3 Bf8 16. Qe3 h6 17. Rd2 Qc5 18. Qe2 a6 19. Red1 b5 20. cxb5 axb5 21. e5 Bxg2 22. Kxg2 Ne8 23. Qxb5 d5 24. Qxc5 Bxc5 25. Na4 Ba7 26. Bd4 Bxd4 27. Rxd4 Rc2 28. R1d2 Rdc8 29. Nb2 R8c3 30. Nd1 Rc6 31. Ne3 Rxd2 32. Rxd2 Ra6 33. a4 Rb6 34. Rb2 d4 35. Nc2 d3 36. Nd4 Nc7 37. f4 Nd5 38. Kf3 Rb4 39. Nb5 d2 40. Ke2 Ne3 41. Kxd2 Nf1+ 42. Kc3 Re4 43. a5 Re3+ 44. Kb4 Nxg3 45. a6 Rd3 46. a7 Rd8 47. Nc7 Nh5 48. a8Q Rxa8 49. Nxa8 Nxf4 50. Ka5 Nd3 51. Rb1 Nxe5 52. b4 f5 53. b5 f4 54. b6 f3 55. b7 Nd7 56. Rd1 f2 57. Rf1 g6 58. Rxf2 Kg7 59. Nb6 Nb8 60. Rc2 e5 61. Rc8 e4 62. Rxb8 e3 63. Re8 e2 64. Rxe2 h5 65. b8Q Kh6 66. Qf4+ g5 67. Re6+ Kh7 68. Qf5+ Kh8 69. Qf6+ Kh7 70. Qf7+ Kh8 71. Re8# 1-0